Dopasuj miejscowości uzdrowiskowe do województw - Statystyki

Ogólne statystyki
  • Ten quiz został rozwiązany 40 razy
  • Średni wynik to 22 z 47
Statystyki odpowiedzi
Hint Odpowiedź % Poprawnych
Muszyna Małopolskie
78%
Inowrocław Kujawsko-Pomorskie
76%
Świnoujście Zachodniopomorskie
76%
Kudowa-Zdrój Dolnośląskie
73%
Sopot Pomorskie
73%
Polanica-Zdrój Dolnośląskie
68%
Rabka-Zdrój Małopolskie
68%
Kołobrzeg Zachodniopomorskie
68%
Ciechocinek Kujawsko-Pomorskie
65%
Goczałkowice-Zdrój Śląskie
65%
Busko-Zdrój Świętokrzyskie
65%
Gołdap Warmińsko-Mazurskie
65%
Lądek-Zdrój Dolnośląskie
62%
Duszniki-Zdrój Dolnośląskie
62%
Szczawnica Małopolskie
62%
Krynica-Zdrój Małopolskie
62%
Augustów Podlaskie
59%
Ustka Pomorskie
59%
Nałęczów Lubelskie
57%
Kostancin-Jeziorna Mazowieckie
57%
Ustroń Śląskie
57%
Jedlina-Zdrój Dolnośląskie
54%
Świeradów-Zdrój Dolnośląskie
54%
Cieplice Śląskie-Zdrój Dolnośląskie
49%
Rymanów-Zdrój Podkarpackie
49%
Kamień Pomorski Zachodniopomorskie
49%
Uniejów Łódzkie
46%
Krasnobród Lubelskie
46%
Iwonicz-Zdrój Podkarpackie
43%
Supraśl Podlaskie
43%
Szczawno-Zdrój Dolnośląskie
41%
Wapienne Małopolskie
32%
Wysowa-Zdrój Małopolskie
32%
Polańczyk Podkarpackie
32%
Przerzeczyn-Zdrój Dolnośląskie
30%
Długopole-Zdrój Dolnośląskie
30%
Swoszowice Małopolskie
30%
Połczyn-Zdrój Zachodniopomorskie
30%
Horyniec-Zdrój Podkarpackie
24%
Czerniawa-Zdrój Dolnośląskie
22%
Żegiestów-Zdrój Małopolskie
22%
Solec-Zdrój Świętokrzyskie
22%
Dąbki Zachodniopomorskie
22%
Piwniczanka-Zdrój Dolnośląskie
19%
Latoszyn Podkarpackie
16%
Wieniec-Zdrój Kujawsko-Pomorskie
11%
Złockie Małopolskie
11%
Nie znaleziono quizów pasujących do podanych kryteriów
Rozkład punktacji
Procent ludzi z każdym wynikiem
Percentyl według liczby udzielonych odpowiedzi
Twoja historia wyników
Nie rozwiązałeś tego quizu